[Event "Superettan(Rockaden II,Sthlm-Rodeby)"]
[Site "?"]
[Date "2008.11.16"]
[Round "3"]
[White "Westerberg, Jonathan"]
[Black "Nereltjak, Nedzad"]
[Result "1-0"]
[WhiteElo "2149"]
[BlackElo "2085"]
[PlyCount "85"]

1. e4 e6 2. Nf3 d5 3. e5 c5 4. b4 c4 5. a3 Bd7 6. d3 b5 7. a4 cxd3 8. Bxd3 bxa4
9. b5 Qa5+ 10. Bd2 Qb6 11. Nc3 a3 12. O-O f6 13. Re1 Be7 14. Nh4 fxe5 15. Qh5+
Kd8 16. Ng6 Be8 17. Na4 Qc7 18. Qh3 Bxg6 19. Bxg6 Nd7 20. Bf7 Ngf6 21. Bxe6 Qc4
22. Nc3 Rf8 23. Nxd5 Nxd5 24. Ba5+ N7b6 25. Bxd5 Qxd5 26. Rad1 Qxd1 27. Rxd1+
Ke8 28. Qe6 Rf6 29. Qxe5 Kf8 30. Qe4 Re8 31. Qxh7 Na4 32. Re1 Kf7 33. Qh5+ Kf8
34. Bb4 a2 35. g3 a5 36. Rxe7 Rxe7 37. Bxe7+ Kxe7 38. Qe5+ Kf8 39. Qa1 Nb6 40.
Qxa2 a4 41. c4 Rf5 42. Qb1 Rf6 43. Qb4+ 1-0

[Event "Superettan(Eskilstuna-Rockaden,Umea)"]
[Site "?"]
[Date "2008.11.16"]
[Round "3"]
[White "Wickstrom, Lucas"]
[Black "Logdahl, Harald"]
[Result "1/2-1/2"]
[WhiteElo "2289"]
[BlackElo "2303"]
[PlyCount "51"]

1. d4 d5 2. c4 Nc6 3. Nc3 dxc4 4. Nf3 Nf6 5. e4 Bg4 6. Be3 e6 7. Bxc4 Bb4 8.
Qc2 O-O 9. Rd1 Qe7 10. O-O Bxf3 11. gxf3 Nh5 12. e5 Bxc3 13. bxc3 f5 14. f4 Na5
15. Be2 Qh4 16. Qa4 g5 17. d5 gxf4 18. Bxh5 Qxh5 19. Qxf4 Kh8 20. dxe6 Rg8+ 21.
Kh1 Rg4 22. Qh6 Rg1+ 23. Rxg1 Qf3+ 24. Rg2 Qxd1+ 25. Rg1 Qf3+ 26. Rg2 1/2-1/2

[Event "Superettan(Eskilstuna-Rockaden,Umea)"]
[Site "?"]
[Date "2008.11.16"]
[Round "3"]
[White "Nilsson, Mattias"]
[Black "Malmstig, Erik"]
[Result "1-0"]
[WhiteElo "2301"]
[BlackElo "2340"]
[PlyCount "81"]

1. c4 e5 2. Nc3 f5 3. g3 d6 4. Bg2 c6 5. d3 Be7 6. e3 Nh6 7. Nge2 Nf7 8. f4 Nd7
9. e4 fxe4 10. Nxe4 O-O 11. O-O exf4 12. Nxf4 Nde5 13. Kh1 Bg4 14. Qc2 g5 15.
Ne2 d5 16. cxd5 cxd5 17. N4c3 d4 18. Nd5 Rc8 19. Qd2 Nc6 20. b3 Be6 21. Nxe7+
Qxe7 22. Bb2 Rfd8 23. Bxc6 Rxc6 24. Nxd4 Bd5+ 25. Kg1 Qc5 26. Qf2 Ne5 27. Qf5
Re8 28. Rac1 Qb6 29. Rxc6 bxc6 30. Qxg5+ Ng6 31. Qg4 a5 32. h4 Re5 33. Qc8+ Kg7
34. Kh2 h5 35. Ne6+ Kh7 36. Rf7+ Kh6 37. Bxe5 Qe3 38. Bg7+ Kh7 39. Ng5+ Qxg5
40. hxg5 Bxf7 41. Bf6 1-0

[Event "Superettan(Eskilstuna-Rockaden,Umea)"]
[Site "?"]
[Date "2008.11.16"]
[Round "3"]
[White "Lindgren, Fredrik"]
[Black "Eriksson, Bo"]
[Result "0-1"]
[WhiteElo "2262"]
[BlackElo "2081"]
[PlyCount "50"]

1. d4 Nf6 2. Nf3 d5 3. g3 Bf5 4. Bg2 e6 5. O-O Be7 6. c4 O-O 7. Nc3 c6 8. Nh4
Bg4 9. h3 Bh5 10. g4 Nfd7 11. Qb3 Bxh4 12. cxd5 exd5 13. Qxb7 Nb6 14. e4 dxe4
15. Na4 Nxa4 16. Qxa8 Qc7 17. Bf4 Qxf4 18. Qxa7 Nxb2 19. gxh5 Nd3 20. f3 e3 21.
Rfd1 e2 22. Rxd3 Re8 23. Rdd1 Be7 24. Re1 Bd6 25. Rxe2 Rxe2 0-1

[Event "Superettan(Eskilstuna-Rockaden,Umea)"]
[Site "?"]
[Date "2008.11.16"]
[Round "3"]
[White "Didriksson, Mikael"]
[Black "Forsberg, Viktor"]
[Result "0-1"]
[WhiteElo "2073"]
[BlackElo "2325"]
[PlyCount "56"]

1. e4 e5 2. f4 exf4 3. Nf3 g5 4. h4 g4 5. Ne5 Nf6 6. d4 d6 7. Nd3 Nxe4 8. Bxf4
Bg7 9. Nc3 Nxc3 10. bxc3 O-O 11. Qd2 c5 12. Bh6 Nc6 13. Bxg7 Kxg7 14. Nf4 f5
15. Bb5 cxd4 16. Bxc6 Qe7+ 17. Kd1 bxc6 18. Re1 Qf7 19. Qxd4+ Kg8 20. Qxd6 Ba6
21. Kc1 Rae8 22. Rxe8 Qxe8 23. Ne6 Rf6 24. Nc7 Rxd6 25. Nxe8 Re6 26. Nc7 Re1+
27. Kb2 Rxa1 28. Kxa1 Bf1 0-1

[Event "Superettan(Eskilstuna-Rockaden,Umea)"]
[Site "?"]
[Date "2008.11.16"]
[Round "3"]
[White "Hammar, Ulf"]
[Black "Svensson, Hakan"]
[Result "1-0"]
[WhiteElo "2220"]
[BlackElo "2030"]
[PlyCount "53"]

1. d4 d5 2. c4 dxc4 3. Nf3 Nf6 4. e3 e6 5. Bxc4 c5 6. O-O a6 7. a4 Nc6 8. Qe2
Qc7 9. Nc3 Be7 10. Rd1 cxd4 11. exd4 O-O 12. Bg5 Ng4 13. Bxe7 Qxe7 14. Rac1 Nf6
15. Kf1 Na5 16. Ba2 b5 17. d5 b4 18. dxe6 Bxe6 19. Nd5 Nxd5 20. Bxd5 Rac8 21.
Rxc8 Rxc8 22. Qxa6 Nc4 23. Bxe6 Qxe6 24. Qxe6 fxe6 25. b3 Nb2 26. Rd2 Rc1+ 27.
Ke2 1-0

[Event "Superettan(Eskilstuna-Rockaden,Umea)"]
[Site "?"]
[Date "2008.11.16"]
[Round "3"]
[White "Lonngren, Tobias"]
[Black "Nygren, David"]
[Result "0-1"]
[WhiteElo "1981"]
[BlackElo "2244"]
[PlyCount "56"]

1. d4 Nf6 2. c4 e6 3. Nf3 c5 4. e3 d5 5. Nc3 a6 6. a3 Nc6 7. Bd3 dxc4 8. Bxc4
b5 9. Ba2 Bb7 10. O-O Be7 11. dxc5 Bxc5 12. b4 Bd6 13. Bb2 O-O 14. Qe2 Qe7 15.
Rfd1 Rfd8 16. Bb1 Ne5 17. Nxe5 Bxe5 18. f4 Bc7 19. Bc2 Bb6 20. Kh1 h5 21. Rxd8+
Rxd8 22. h3 Ng4 23. Be4 Bxe3 24. Qf3 Qh4 25. Bxb7 Nf2+ 26. Kh2 Bxf4+ 27. Kg1
Rd3 28. Rd1 Rxf3 0-1

[Event "Superettan(Eskilstuna-Rockaden,Umea)"]
[Site "?"]
[Date "2008.11.16"]
[Round "3"]
[White "Eriksson, Jorgen"]
[Black "Logdahl, Ulf"]
[Result "0-1"]
[WhiteElo "2237"]
[BlackElo "1938"]
[PlyCount "146"]

1. e4 e5 2. Nf3 Nc6 3. d4 exd4 4. Nxd4 Nf6 5. Nxc6 bxc6 6. Bd3 d5 7. exd5 cxd5
8. Bf4 Be7 9. O-O O-O 10. Nd2 Be6 11. c3 c5 12. Qc2 Bd6 13. Bxd6 Qxd6 14. Rfe1
Rab8 15. b3 Rfe8 16. h3 h6 17. Nf3 Nh5 18. Bh7+ Kh8 19. Bf5 Nf4 20. Bxe6 Rxe6
21. Rxe6 fxe6 22. Re1 Rf8 23. Ne5 Kg8 24. Ng6 Rf6 25. Nxf4 Qxf4 26. Qe2 d4 27.
cxd4 cxd4 28. Rd1 e5 29. Qd2 Qxd2 30. Rxd2 Kf7 31. Rc2 Rd6 32. Rc7+ Kf6 33. Kf1
Ra6 34. Rc2 e4 35. Ke1 Ke5 36. Rc5+ Kd6 37. Rc4 Kd5 38. Rc2 d3 39. Rb2 Kd4 40.
Kd2 Rf6 41. Kc1 Kc3 42. b4 e3 43. Rb3+ Kc4 44. fxe3 Rf1+ 45. Kd2 Rf2+ 46. Kd1
Rxa2 47. Rb1 Rxg2 48. Rc1+ Kxb4 49. Rc7 a6 50. h4 a5 51. e4 Re2 52. Rxg7 Rxe4
53. Kd2 Rxh4 54. Kxd3 Kb3 55. Rg6 h5 56. Rg1 Rh3+ 57. Kd2 Rh2+ 58. Kc1 h4 59.
Kb1 a4 60. Rf1 Rh3 61. Kc1 Rc3+ 62. Kb1 a3 63. Ka1 a2 64. Rh1 Rc4 65. Rh3+ Kc2
66. Ra3 Kd2 67. Kxa2 Rg4 68. Kb2 Rg3 69. Ra7 h3 70. Rh7 Ke2 71. Kc2 Kf2 72. Kd2
Kg2 73. Ke2 h2 0-1

[Event "Superettan(Eskilstuna-Rockaden,Umea)"]
[Site "?"]
[Date "2008.11.16"]
[Round "3"]
[White "Bragesjo, Tomas"]
[Black "Engman, Rickard"]
[Result "0-1"]
[WhiteElo "1694"]
[BlackElo "2209"]
[PlyCount "86"]

1. e4 e5 2. Nf3 Nc6 3. d4 exd4 4. Nxd4 Bc5 5. Nxc6 bxc6 6. Bd3 Qh4 7. Qf3 d6 8.
Qg3 Qxg3 9. hxg3 Nf6 10. Nc3 Ng4 11. f3 Nf2 12. Rf1 Nxd3+ 13. cxd3 Ba6 14. Ke2
d5 15. Be3 Bb6 16. Na4 O-O-O 17. Nxb6+ axb6 18. Rad1 Rhe8 19. Rd2 Rd7 20. Rh1
dxe4 21. fxe4 h6 22. Rc1 Rxe4 23. Kf3 Re6 24. d4 Rd5 25. Rc3 Rf5+ 26. Kg4 Ra5
27. b4 Rd5 28. a4 Kd8 29. Bf4 g5 30. Be3 Bc8 31. Kf3 Rf5+ 32. Ke2 Ba6+ 33. b5
cxb5 34. axb5 Bxb5+ 35. Kd1 Rd5 36. g4 c6 37. Ra3 f6 38. Rf2 Rd7 39. Kc2 Bc4
40. d5 cxd5 41. Bd4 Be2 42. Bxf6+ Rde7 43. Kd2 Bxg4 0-1

[Event "Superettan(Eksjo-Vastervik)"]
[Site "?"]
[Date "2008.12.06"]
[Round "3"]
[White "Sternlund, Hakan"]
[Black "Vernersson, Per"]
[Result "0-1"]
[WhiteElo "2230"]
[BlackElo "2456"]
[PlyCount "74"]
[SourceDate "2008.12.14"]

1. c4 e6 2. g3 Nf6 3. Bg2 d5 4. Nf3 Be7 5. d4 O-O 6. O-O dxc4 7. Nbd2 b5 8. a4
c6 9. Qc2 Nd5 10. Ne4 a6 11. Bd2 Bb7 12. b3 cxb3 13. Qxb3 Nd7 14. Rfc1 Qb6 15.
Qc2 Rfc8 16. Nc5 Nxc5 17. dxc5 Qd8 18. e4 Nf6 19. Ra3 a5 20. Rd3 Qe8 21. Ne5 b4
22. g4 Ba6 23. Rf3 Nd7 24. Nxd7 Qxd7 25. e5 Rd8 26. Rh3 g6 27. Be3 Rac8 28. f4
Qd3 29. Qf2 Qe2 30. Qxe2 Bxe2 31. Rg3 Rd1+ 32. Rxd1 Bxd1 33. f5 Bh4 34. Rh3 g5
35. Bc1 Rd8 36. Bxc6 Bxg4 37. Bxg5 Rd1+ 0-1

[Event "Superettan(Eksjo-Vastervik)"]
[Site "?"]
[Date "2008.12.06"]
[Round "3"]
[White "Ornstein, Axel"]
[Black "Ask, Josef"]
[Result "1-0"]
[WhiteElo "2453"]
[BlackElo "2228"]
[PlyCount "71"]
[EventDate "2008.??.??"]

1. Nf3 e6 2. c4 f5 3. g3 Nf6 4. Bg2 Be7 5. O-O O-O 6. Nc3 a5 7. d3 d6 8. e4 e5
9. exf5 Bxf5 10. d4 Nc6 11. dxe5 dxe5 12. Nd5 Bg4 13. h3 Bh5 14. g4 Nxg4 15.
hxg4 Bxg4 16. Nxe7+ Qxe7 17. Qd5+ Kh8 18. Be3 Qf6 19. Nh2 Bh5 20. Rae1 Rae8 21.
Bc5 Rd8 22. Qe4 Rfe8 23. Ng4 Qg5 24. Ne3 Rd2 25. Nd5 Rxb2 26. Nxc7 Rc8 27. Nb5
Rxa2 28. Nd6 Rf8 29. Be3 Qf6 30. Nxb7 Rc8 31. Qb1 Ra3 32. Bc5 Rf3 33. Nd6 Rb8
34. Qe4 Nb4 35. Qxe5 Qg6 36. Nf7+ 1-0

[Event "Superettan(Eksjo-Vastervik)"]
[Site "?"]
[Date "2008.12.06"]
[Round "3"]
[White "Karlsson, Jorgen"]
[Black "de Verdier, Michael"]
[Result "0-1"]
[WhiteElo "2212"]
[BlackElo "2255"]
[PlyCount "102"]

1. b3 Nf6 2. Bb2 e6 3. f4 b6 4. Nf3 Bb7 5. e3 Be7 6. c4 O-O 7. Nc3 c5 8. g3 d5
9. cxd5 Nxd5 10. a3 Nxe3 11. dxe3 Qxd1+ 12. Nxd1 Bxf3 13. Rg1 Nc6 14. Nc3 Na5
15. e4 Rad8 16. Rb1 Nxb3 17. Bg2 Bxg2 18. Rxg2 Nd4 19. Rd1 Nf3+ 20. Ke2 Rxd1
21. Nxd1 Rd8 22. Kxf3 Rxd1 23. Rc2 f6 24. Ke2 Rd7 25. a4 Kf7 26. g4 a6 27. h4
b5 28. axb5 axb5 29. f5 e5 30. g5 c4 31. h5 Rd3 32. g6+ hxg6 33. hxg6+ Ke8 34.
Bc1 Rd4 35. Be3 Rxe4 36. Kf3 Rd4 37. Bxd4 exd4 38. Ke4 d3 39. Ra2 Bb4 40. Kd5
d2 41. Ra8+ Kd7 42. Ra7+ Kd8 43. Ra1 Bc3 44. Rd1 Ba5 45. Kd4 c3 46. Kd3 b4 47.
Kc2 Kd7 48. Ra1 Bb6 49. Rb1 Bc5 50. Ra1 Kd6 51. Ra5 b3+ 0-1

[Event "Superettan(Eksjo-Vastervik)"]
[Site "?"]
[Date "2008.12.06"]
[Round "3"]
[White "Krantz, Christopher"]
[Black "Elenius, Erik"]
[Result "1-0"]
[WhiteElo "2214"]
[BlackElo "2133"]
[PlyCount "101"]

1. e4 c5 2. Nf3 d6 3. Bb5+ Nc6 4. d4 cxd4 5. Nxd4 Bd7 6. Nc3 Nf6 7. O-O g6 8.
Bg5 Bg7 9. Bxc6 bxc6 10. Nf3 Qa5 11. Qd2 Rb8 12. Rab1 h6 13. Bxf6 Bxf6 14. Nd5
Qxd2 15. Nxf6+ exf6 16. Nxd2 Ke7 17. b3 Rhe8 18. Nc4 Be6 19. Ne3 f5 20. exf5
gxf5 21. g3 f4 22. gxf4 Bh3 23. Rfe1 Kf6 24. Rbd1 d5 25. f3 Rbd8 26. Kf2 Rg8
27. Rg1 h5 28. Rxg8 Rxg8 29. Rd4 Be6 30. Ra4 c5 31. f5 d4 32. fxe6 dxe3+ 33.
Kxe3 fxe6 34. Kf2 Rd8 35. Rc4 Rd5 36. h4 Ke5 37. Ke2 Kf5 38. Ra4 Re5+ 39. Kf2
Rd5 40. c4 Rd7 41. Ke3 Rd4 42. Rxa7 Rxh4 43. Rc7 Rh2 44. Rxc5+ e5 45. Ra5 h4
46. Ra8 h3 47. Rh8 Rh1 48. Kf2 Kf4 49. Rf8+ Kg5 50. Kg3 Kg6 51. Rh8 1-0

[Event "Superettan(Eksjo-Vastervik)"]
[Site "?"]
[Date "2008.12.06"]
[Round "3"]
[White "Nilsson, Victor"]
[Black "Thornert, Hakan"]
[Result "1/2-1/2"]
[WhiteElo "2165"]
[BlackElo "2204"]
[PlyCount "119"]

1. d4 d5 2. c4 e5 3. dxe5 d4 4. Nf3 Nc6 5. a3 Nge7 6. g3 Ng6 7. Bg5 Qd7 8. Bf4
Be7 9. Qd2 O-O 10. h4 Qe6 11. Nxd4 Qxc4 12. Nxc6 Qxc6 13. Rg1 Nxf4 14. Qxf4 Qb6
15. Qc1 f6 16. e3 fxe5 17. Bc4+ Kh8 18. Nc3 Qf6 19. Qd2 c6 20. O-O-O Bg4 21.
Be2 Rad8 22. Qc2 Bf5 23. Ne4 Qg6 24. f3 Bxe4 25. Qxe4 Qxe4 26. fxe4 Bc5 27. Kc2
Bxe3 28. Rgf1 Bd4 29. h5 Rf6 30. Rf3 Rxf3 31. Bxf3 Rf8 32. Rf1 Kg8 33. b3 Rf6
34. Be2 Kf7 35. Rxf6+ Kxf6 36. a4 Kg5 37. Kd3 b5 38. Bd1 Bf2 39. g4 Kf4 40. Be2
Bd4 41. Bd1 h6 42. Be2 bxa4 43. bxa4 c5 44. Bd1 c4+ 45. Kxc4 Kxe4 46. Bc2+ Kf4
47. Bf5 Bb2 48. Kd3 Ba1 49. Ke2 e4 50. Bd7 Bd4 51. Bc8 Kg5 52. Bf5 Kf4 53. Bc8
a5 54. Bd7 Bb6 55. Bc8 e3 56. Bd7 Kg5 57. Bc8 g6 58. hxg6 Kxg6 59. Bd7 Kf6 60.
Bc8 1/2-1/2

[Event "Superettan(Eksjo-Vastervik)"]
[Site "?"]
[Date "2008.12.06"]
[Round "3"]
[White "Blomqvist, Sven"]
[Black "Akvist, Hakan"]
[Result "1-0"]
[WhiteElo "1921"]
[BlackElo "2145"]
[PlyCount "119"]

1. e4 e6 2. d4 d5 3. e5 c5 4. c3 Qb6 5. Nf3 Bd7 6. a3 Nc6 7. Be2 Rc8 8. O-O f6
9. Re1 cxd4 10. cxd4 fxe5 11. dxe5 Bc5 12. Rf1 a5 13. Nc3 Nd4 14. Bd3 Ne7 15.
Ng5 g6 16. Na4 Bxa4 17. Qxa4+ Qc6 18. Qd1 Nef5 19. Bd2 a4 20. Qg4 Nb3 21. Rad1
Be7 22. Bb4 Nbd4 23. h4 h5 24. Qh3 Bxb4 25. axb4 Ke7 26. b5 Qc5 27. Nf3 Nxf3+
28. Qxf3 Qb4 29. Bxf5 gxf5 30. Qe3 Rcg8 31. Rd4 Qxb5 32. Qa3+ Kf7 33. Rxa4 Rg4
34. Rxg4 hxg4 35. Rc1 Qd7 36. Qe3 Rc8 37. Rxc8 Qxc8 38. Qg5 Qh8 39. h5 Qxe5 40.
Qg6+ Kf8 41. h6 b5 42. h7 Qg7 43. Qxe6 Qxh7 44. Qxd5 Qf7 45. Qxb5 Qe6 46. Qc5+
Kf7 47. b4 Kg6 48. Kf1 Qe4 49. b5 Qd3+ 50. Ke1 Qb1+ 51. Kd2 Kg5 52. b6 Qb2+ 53.
Kd3 Qb3+ 54. Kd4 g3 55. Qe7+ Kg6 56. Qd6+ Kf7 57. fxg3 Qb2+ 58. Kc5 Qf2+ 59.
Kc6 Qxg2+ 60. Qd5+ 1-0

[Event "Superettan(Eksjo-Vastervik)"]
[Site "?"]
[Date "2008.12.06"]
[Round "3"]
[White "Ghazi Al-Saadi, Ali"]
[Black "Harren, Mats"]
[Result "0-1"]
[WhiteElo "1983"]
[BlackElo "2075"]
[PlyCount "108"]

1. e4 d6 2. d4 Nf6 3. Nc3 Nbd7 4. Nf3 e5 5. dxe5 dxe5 6. Bc4 Be7 7. O-O O-O 8.
Bg5 c6 9. a4 Qc7 10. Qe2 Nc5 11. h3 Ne6 12. Bxe6 Bxe6 13. Bh4 h6 14. Bg3 Nd7
15. Nd4 Bc5 16. Nxe6 fxe6 17. Qc4 Qb6 18. a5 Qb4 19. Qxe6+ Rf7 20. Rad1 Bd4 21.
Ne2 Nc5 22. Qa2 Qxb2 23. Qxb2 Bxb2 24. c3 Nxe4 25. Bxe5 Re8 26. Bd4 c5 27. Be3
Nxc3 28. Nxc3 Bxc3 29. Bxc5 a6 30. Bb6 Re5 31. Rd8+ Kh7 32. Rb1 Bxa5 33. Rb8
Re1+ 34. Rxe1 Bxe1 35. Kf1 Bb4 36. Ke2 Rd7 37. f4 Bd6 38. Rd8 Rxd8 39. Bxd8
Bxf4 40. Bb6 Be5 41. Kd3 Kg6 42. Ke4 Kf6 43. Kd5 Bc3 44. Kc4 Be5 45. Kd5 Kf5
46. Ba5 Bf6 47. Bc7 Be7 48. Be5 Bf8 49. g4+ Kg6 50. Ke6 b5 51. h4 b4 52. h5+
Kh7 53. Kf7 Bc5 54. Bxg7 b3 0-1

[Event "Superettan(Wasa-Stockholms SS)"]
[Site "?"]
[Date "2008.12.06"]
[Round "3"]
[White "Uddenfeldt, Dan"]
[Black "Genkin, Michael"]
[Result "1/2-1/2"]
[WhiteElo "2412"]
[BlackElo "2336"]
[PlyCount "90"]

1. d4 Nf6 2. Nf3 b6 3. c4 e6 4. a3 Bb7 5. Nc3 d5 6. Bg5 Be7 7. e3 h6 8. Bf4 c6
9. Ne5 Nbd7 10. cxd5 Nxe5 11. Bxe5 exd5 12. Bd3 Bd6 13. f4 Qe7 14. Qf3 O-O-O
15. O-O Kb8 16. Rad1 Rhe8 17. Rf2 Bc7 18. Rc1 Ka8 19. Qg3 Rg8 20. b4 Bb8 21.
Qf3 Nd7 22. e4 f6 23. exd5 cxd5 24. Bxb8 Nxb8 25. Re2 Qf7 26. Nb5 Nc6 27. Bf5
Rge8 28. Be6 Rxe6 29. Rxe6 a6 30. Rexc6 Bxc6 31. Nc3 Re8 32. Kf2 Qe6 33. f5 Qd6
34. g3 Ka7 35. Re1 Rxe1 36. Kxe1 a5 37. b5 Bb7 38. a4 Qb4 39. Qe3 Qb2 40. h3
Qa1+ 41. Kd2 Qb2+ 42. Ke1 h5 43. h4 Qc2 44. Qf3 Qc1+ 45. Ke2 Qc2+ 1/2-1/2

[Event "Superettan(Wasa-Stockholms SS)"]
[Site "?"]
[Date "2008.12.06"]
[Round "3"]
[White "Astrom, Goran"]
[Black "Bergstrom, Rolf"]
[Result "1/2-1/2"]
[WhiteElo "2270"]
[BlackElo "2365"]
[PlyCount "78"]

1. e4 d6 2. d4 Nf6 3. Nc3 Nbd7 4. Nf3 e5 5. Bc4 Be7 6. O-O O-O 7. Re1 c6 8. a4
Re8 9. b3 Qc7 10. Ba3 Nb6 11. Be2 Bg4 12. h3 Bh5 13. Nh4 Bxe2 14. Rxe2 g6 15.
Nf3 Rad8 16. a5 Nbd7 17. a6 b5 18. d5 Nc5 19. Bb4 Rb8 20. Bxc5 dxc5 21. dxc6
Bd8 22. Nd5 Qxc6 23. c4 Nxd5 24. Qxd5 Qxd5 25. cxd5 Bc7 26. Rc2 Bd6 27. Ne1
Rec8 28. Rac1 Rc7 29. Nd3 Rbc8 30. Rc3 Kf8 31. Kf1 Ke7 32. f3 f6 33. Ke2 Kd7
34. g4 Be7 35. Kf1 Kd6 36. R1c2 Bf8 37. Ke2 Bh6 38. Kf2 Bg5 39. Ke2 Bh6 1/2-1/2

[Event "Superettan(Wasa-Stockholms SS)"]
[Site "?"]
[Date "2008.12.06"]
[Round "3"]
[White "Henriksson, Johan"]
[Black "Nordstrom, Felix"]
[Result "1-0"]
[WhiteElo "2306"]
[BlackElo "2222"]
[PlyCount "74"]

1. d4 d5 2. Nf3 Nf6 3. g3 Bf5 4. Bg2 c6 5. O-O e6 6. b3 Be7 7. c4 O-O 8. Bb2
Nbd7 9. Nc3 Ne4 10. Nd2 Nxc3 11. Bxc3 Nf6 12. Re1 h6 13. b4 Bh7 14. f3 dxc4 15.
Nxc4 Nd5 16. Qd2 Qc7 17. e4 Nxc3 18. Qxc3 Rfd8 19. Red1 Qb8 20. Na5 Bf6 21. e5
Be7 22. f4 Qc7 23. b5 Qb6 24. bxc6 Bb4 25. Nc4 Qb5 26. Qb3 bxc6 27. a4 Qb8 28.
Ne3 Qb6 29. Qc4 Rd7 30. Nc2 Bxc2 31. Qxc2 Rad8 32. h4 Rxd4 33. Rxd4 Rxd4 34.
Qxc6 Rd1+ 35. Kh2 Qg1+ 36. Kh3 Rd3 37. Qe4 Rd8 1-0

[Event "Superettan(Wasa-Stockholms SS)"]
[Site "?"]
[Date "2008.12.06"]
[Round "3"]
[White "Berkell, Peder"]
[Black "Nilsson, Mats"]
[Result "1-0"]
[WhiteElo "2215"]
[BlackElo "2185"]
[PlyCount "39"]

1. d4 e6 2. Nd2 c5 3. e3 Nf6 4. Ngf3 cxd4 5. exd4 b6 6. Bd3 Bb7 7. O-O Be7 8.
c4 O-O 9. b3 d5 10. Bb2 Nc6 11. Rc1 Rc8 12. Re1 Rc7 13. a3 Na5 14. c5 bxc5 15.
dxc5 Bxc5 16. Bxf6 Qxf6 17. b4 Bd6 18. bxa5 e5 19. Nxe5 Bxe5 20. Qh5 1-0

[Event "Superettan(Wasa-Stockholms SS)"]
[Site "?"]
[Date "2008.12.06"]
[Round "3"]
[White "Asberg, Anders"]
[Black "Soderberg, Per"]
[Result "0-1"]
[WhiteElo "2201"]
[BlackElo "2214"]
[PlyCount "74"]

1. e4 c5 2. Nf3 d6 3. d4 cxd4 4. Nxd4 Nf6 5. Nc3 a6 6. Be2 e5 7. Nb3 Be6 8. O-O
Be7 9. f4 Qc7 10. Nd5 Bxd5 11. exd5 Nbd7 12. Be3 b5 13. Rc1 Nb6 14. fxe5 dxe5
15. Rxf6 gxf6 16. Bxb6 Qxb6+ 17. Kh1 Rd8 18. c4 bxc4 19. Rxc4 Qb7 20. Bf3 f5
21. d6 e4 22. Nc5 Qb5 23. d7+ Kf8 24. Be2 Bxc5 25. Qc1 Rg8 26. a4 Qxd7 27. Rxc5
Qd2 28. Qc4 Qe1+ 29. Bf1 Qf2 30. Rc7 Rg7 31. Rc8 Rxc8 32. Qxc8+ Ke7 33. Qc7+
Kf6 34. Qd8+ Kg6 35. Qd6+ f6 36. Qd1 Rd7 37. Qc1 Rd2 0-1

[Event "Superettan(Wasa-Stockholms SS)"]
[Site "?"]
[Date "2008.12.06"]
[Round "3"]
[White "Hallerod, Ralph"]
[Black "Sjodin, Bengt"]
[Result "1-0"]
[WhiteElo "1978"]
[BlackElo "2152"]
[PlyCount "47"]

1. d4 e6 2. c4 d5 3. cxd5 exd5 4. Nc3 Nf6 5. Bg5 Be7 6. e3 Nbd7 7. Nf3 c6 8.
Qc2 O-O 9. Bd3 Re8 10. O-O Nf8 11. Ne5 Bd6 12. f4 Qc7 13. Bh4 Ng4 14. Rf3 Ng6
15. Be1 Nf8 16. Rc1 Qd8 17. h3 Nh6 18. g4 g5 19. Bg3 f6 20. fxg5 fxg5 21. Rcf1
Be6 22. Bxh7+ Nxh7 23. Qg6+ Kh8 24. Rf7 1-0

[Event "Superettan(Wasa-Stockholms SS)"]
[Site "?"]
[Date "2008.12.06"]
[Round "3"]
[White "Carlsten, Peter"]
[Black "Hedlund, Lars"]
[Result "1/2-1/2"]
[WhiteElo "2109"]
[BlackElo "1956"]
[PlyCount "143"]

1. e4 c6 2. d4 d5 3. exd5 cxd5 4. Bd3 Nf6 5. h3 e6 6. Nf3 Bd6 7. c3 Qc7 8. Na3
Bxa3 9. Qa4+ Nc6 10. Qxa3 Qe7 11. Qb3 h6 12. O-O Qc7 13. Re1 Bd7 14. Ne5 Nxe5
15. dxe5 Ng8 16. Bf4 Ne7 17. Rad1 Bc6 18. Qc2 Rc8 19. Qe2 Rd8 20. Bb1 a6 21.
Qg4 Kf8 22. Be3 b6 23. f4 Bd7 24. Qg3 b5 25. Qf2 Rc8 26. Bb6 Qc6 27. Kh2 h5 28.
Rd3 h4 29. Rf3 g6 30. b4 Kg7 31. Bc5 Nf5 32. Bxf5 exf5 33. Be7 Rh5 34. Bxh4 Be6
35. Bf6+ Kf8 36. Qa7 Rc7 37. Qb8+ Rc8 38. Qd6+ Qxd6 39. exd6 Ke8 40. a4 Kd7 41.
Be5 bxa4 42. Ra1 d4 43. Bxd4 Bb3 44. Be5 Rc6 45. Kg1 f6 46. Bxf6 Rxd6 47. Bd4
Re6 48. Be5 Kc6 49. Kf2 Kb5 50. Rd3 a5 51. Rd8 axb4 52. Rb8+ Rb6 53. Rxb6+ Kxb6
54. cxb4 Kb5 55. Bd6 Rh7 56. Bc5 Rd7 57. Ke3 Bc4 58. Ra3 Rd1 59. g4 Bb3 60.
gxf5 gxf5 61. h4 Kc4 62. Ke2 Rh1 63. Be7 Kb5 64. Kd2 Rd1+ 65. Kc3 Rh1 66. Kd4
Re1 67. Bd6 Re4+ 68. Kc3 Rc4+ 69. Kd3 Rc1 70. Kd4 Re1 71. h5 Re4+ 72. Kc3
1/2-1/2

[Event "Superettan(Wasa-Stockholms SS)"]
[Site "?"]
[Date "2008.12.06"]
[Round "3"]
[White "Safholm, Sten"]
[Black "Braathen, Tom"]
[Result "1/2-1/2"]
[WhiteElo "1954"]
[BlackElo "2103"]
[PlyCount "62"]

1. e4 c5 2. Nf3 Nc6 3. Bb5 g6 4. O-O Bg7 5. c3 Nf6 6. Qe2 O-O 7. d4 cxd4 8.
cxd4 d5 9. e5 Ne8 10. h3 Nc7 11. Bxc6 bxc6 12. Re1 Ne6 13. Qc2 Qb6 14. Be3 Rb8
15. b3 Bd7 16. Nc3 f6 17. exf6 Bxf6 18. Rac1 Bg7 19. Qd1 Qb4 20. Ne2 Rxf3 21.
gxf3 Rf8 22. Kg2 Rf5 23. Qd2 Qd6 24. Rh1 g5 25. Ng3 Rf7 26. Rcg1 Nf4+ 27. Bxf4
gxf4 28. Ne2 Qg6+ 29. Kf1 Qb1+ 30. Kg2 Qg6+ 31. Kf1 Qb1+ 1/2-1/2

[Event "Superettan(Schack 08-Orebro)"]
[Site "?"]
[Date "2008.12.06"]
[Round "3"]
[White "Lind, Jan-Olov"]
[Black "Ingbrandt, Johan"]
[Result "0-1"]
[WhiteElo "2229"]
[BlackElo "2469"]
[PlyCount "118"]

1. e4 e5 2. Nf3 Nc6 3. Be2 g6 4. d3 Bg7 5. Nc3 Nge7 6. Bg5 h6 7. Bh4 d6 8. Nd5
g5 9. Nxe7 Nxe7 10. Bg3 f5 11. exf5 Nxf5 12. Nd2 O-O 13. Nc4 c6 14. c3 Be6 15.
Bg4 Qd7 16. Ne3 Nxe3 17. Bxe6+ Qxe6 18. fxe3 e4 19. d4 Rf7 20. Qb3 d5 21. Qd1
Qg6 22. Qe2 h5 23. h3 Raf8 24. O-O-O h4 25. Be1 b5 26. Qg4 Qf5 27. Qxf5 Rxf5
28. Kd2 Kf7 29. Ke2 Ke6 30. Ra1 Rb8 31. Rf1 Rxf1 32. Kxf1 Bf8 33. Ke2 Bd6 34.
b3 a5 35. Rc1 Kf5 36. Rc2 g4 37. c4 dxc4 38. bxc4 b4 39. c5 Bc7 40. Rb2 g3 41.
Rb1 Ke6 42. Bd2 Rf8 43. Be1 Kd5 44. Rc1 Rb8 45. Bd2 a4 46. Rf1 b3 47. axb3 axb3
48. Rb1 b2 49. Bc3 Rb3 50. Kd2 Kc4 51. Bxb2 Ba5+ 52. Kc2 Rxe3 53. Ra1 Re2+ 54.
Kd1 Rxb2 55. Rxa5 Rxg2 56. Ra6 Rb2 57. Kc1 g2 58. Kxb2 g1=Q 59. Rxc6 Qxd4+ 0-1

[Event "Superettan(Schack 08-Orebro)"]
[Site "?"]
[Date "2008.12.06"]
[Round "3"]
[White "Renman, Nils-Gustaf"]
[Black "Fransson, Peter"]
[Result "1/2-1/2"]
[WhiteElo "2423"]
[BlackElo "2339"]
[PlyCount "128"]

1. d4 Nf6 2. Nf3 g6 3. c4 Bg7 4. Nc3 O-O 5. e4 d6 6. Be2 e5 7. O-O Nc6 8. d5
Ne7 9. b4 a5 10. bxa5 Rxa5 11. Nd2 Nd7 12. Nb3 Ra8 13. a4 f5 14. f3 Kh8 15. Be3
Ng8 16. c5 Bh6 17. Bf2 Ndf6 18. Nd2 fxe4 19. fxe4 Nh5 20. Nc4 Nf4 21. cxd6 cxd6
22. Bb6 Qg5 23. Bf3 Bh3 24. Ne3 Nf6 25. Kh1 Rac8 26. Nb5 Bd7 27. Nxd6 Rc3 28.
g3 Nh3 29. Ndc4 Rxc4 30. Nxc4 Ng4 31. Qe2 Bg7 32. Bg2 Qh5 33. Rxf8+ Bxf8 34.
Bxh3 Qxh3 35. Ne3 Bg7 36. Nxg4 Bxg4 37. Qf2 Qh5 38. Ra3 h6 39. Rd3 Bd7 40. a5
Bb5 41. Rc3 Qd1+ 42. Qg1 Qe2 43. Re3 Qc2 44. Qe1 Bd3 45. d6 Bb5 46. Rc3 Qa4 47.
Kg1 Bc6 48. Qc1 Bd7 49. Rc7 Bh3 50. Qd2 Qb5 51. Rc1 h5 52. Rd1 Bd7 53. h4 Kh7
54. Kh2 Qc4 55. Qd3 Qe6 56. Rc1 Qh3+ 57. Kg1 Bb5 58. Qxb5 Qxg3+ 59. Kf1 Qf4+
60. Ke2 Qxc1 61. Qd3 Bf6 62. d7 Bxh4 63. Qd1 Qc4+ 64. Qd3 Qc1 1/2-1/2

[Event "Superettan(Schack 08-Orebro)"]
[Site "?"]
[Date "2008.12.06"]
[Round "3"]
[White "Drugge, Patrick"]
[Black "Schutz, Ingemar"]
[Result "1-0"]
[WhiteElo "2251"]
[BlackElo "2224"]
[PlyCount "71"]

1. e4 e6 2. d4 d5 3. exd5 Qxd5 4. Nc3 Bb4 5. Qg4 Nc6 6. Nf3 Nge7 7. Qxg7 Bxc3+
8. bxc3 Qe4+ 9. Kd1 Rg8 10. Qh6 Nd5 11. Bd2 Bd7 12. h3 Nb6 13. Qf4 Qxf4 14.
Bxf4 O-O-O 15. Bd3 Na5 16. Bg5 Rde8 17. Bxh7 Rg7 18. Be4 f5 19. Bd3 Bc6 20. h4
Bd5 21. Rh3 Na4 22. Kd2 Nc4+ 23. Bxc4 Bxc4 24. Ne5 Ba6 25. Rg3 c5 26. h5 Nb6
27. h6 Rh7 28. Re1 Nc4+ 29. Nxc4 Bxc4 30. a3 Bd5 31. Bf4 c4 32. Rh1 Ree7 33.
Be5 Ref7 34. Rg7 f4 35. Rxf7 Rxf7 36. h7 1-0